Normal view MARC view

Entry Meeting Name

Number of records used in: 1

001 - CONTROL NUMBER

  • control field: 19552

003 - CONTROL NUMBER IDENTIFIER

  • control field: OSt

005 - DATE AND TIME OF LATEST TRANSACTION

  • control field: 20211105134419.0

008 - FIXED-LENGTH DATA ELEMENTS

  • fixed length control field: 211105|| aca||aabn | a|a d

040 ## - CATALOGING SOURCE

  • Original cataloging agency: OSt
  • Transcribing agency: OSt

111 ## - HEADING--MEETING NAME

  • Meeting name or jurisdiction name as entry element: Texas Symposium TEXAS/PASCOS 92 on Relativistic Astrophysics and pticle Cosmology
  • Number of part/section/meeting: 16th
  • Location of meeting: California
  • Date of meeting or treaty signing: 1992 Dec. 13-18

670 ## - SOURCE DATA FOUND

  • Source citation: Work cat.: (OSt): Texas Symposium TEXAS/PASCOS 92 on Relativistic Astrophysics and pticle Cosmology 16th California 1992 Dec. 13-18, Relativistic Astrophysics and pticle cosmology, 1993

Powered by Koha